00732nam a2200205Ia 4500003000900000008004100009020001800050040001600068080001700084100002500101245013300126260003700259300001400296650004100310650003200351650002100383942000700404999001500411952010000426IN-BaIIA211028s9999 xx 000 0 eng d a0-85066-093-9 cIIA Library a520.1bGWO-1 aForbes, Eric G99700 0aGreenwich observatorybvol. 2, origins and early history (1675-1835)cEric G Forbes  aLondonbTaylor and Francisc1975 axv, 204p. aAstronomy and astrophysics thesaurus aGreenwich observatory99701 aObservatory9970 cBK c5586d5586 00104070aBANbBANcGENd1977-10-01l0o520.1/ GWO-1p6254r2021-11-05w1977-10-01yBK 25.00